<?xml version="1.0" encoding="UTF-8"?><?xml-stylesheet type="text/xsl" href="static/style.xsl"?><OAI-PMH xmlns="http://www.openarchives.org/OAI/2.0/" xmlns:xsi="http://www.w3.org/2001/XMLSchema-instance" xsi:schemaLocation="http://www.openarchives.org/OAI/2.0/ http://www.openarchives.org/OAI/2.0/OAI-PMH.xsd"><responseDate>2026-04-14T03:57:39Z</responseDate><request verb="GetRecord" identifier="oai:www.recercat.cat:20.500.12328/1578" metadataPrefix="marc">https://recercat.cat/oai/request</request><GetRecord><record><header><identifier>oai:recercat.cat:20.500.12328/1578</identifier><datestamp>2025-05-16T12:47:50Z</datestamp><setSpec>com_2072_67741</setSpec><setSpec>col_2072_484352</setSpec></header><metadata><record xmlns="http://www.loc.gov/MARC21/slim" xmlns:dcterms="http://purl.org/dc/terms/" xmlns:xsi="http://www.w3.org/2001/XMLSchema-instance" xmlns:doc="http://www.lyncode.com/xoai" xsi:schemaLocation="http://www.loc.gov/MARC21/slim http://www.loc.gov/standards/marcxml/schema/MARC21slim.xsd">
   <leader>00925njm 22002777a 4500</leader>
   <datafield ind2=" " ind1=" " tag="042">
      <subfield code="a">dc</subfield>
   </datafield>
   <datafield ind2=" " ind1=" " tag="720">
      <subfield code="a">De Miranda Vázquez, Carlos</subfield>
      <subfield code="e">author</subfield>
   </datafield>
   <datafield ind2=" " ind1=" " tag="260">
      <subfield code="c">2015</subfield>
   </datafield>
   <datafield ind2=" " ind1=" " tag="520">
      <subfield code="a">El presente estudio aborda la controvertida cuestión de las relaciones entre prueba directa e indirecta. Más concretamente, se adentra en el análisis de la tradicional superioridad de la prueba directa y en el examen de los fundamentos de la doctrina de la «hipovaluación» de la prueba indirecta. En una primera parte, el trabajo se centra en la revisión crítica de la aludida doctrina. Seguidamente, se introduce la doctrina de la «equiparación» entre prueba directa y prueba indirecta. El estudio concluye con una toma de postura en relación con los dos cuerpos de doctrina presentados.</subfield>
   </datafield>
   <datafield ind2=" " ind1=" " tag="520">
      <subfield code="a">This study broaches the controversial question about the relationships between direct and circumstantial evidence. Specifically, it goes into the analysis of the traditional  superiority of the direct evidence and it examines the foundations of the hipovaluation of the circumstantial evidence’s doctrine.In the first part, the study focuses on the critical review of the before mentioned doctrine. Next, it in­troduces the «equality» between direct and circumstantial evidence’s doctrine. The study finishes taking the author a stand in relation to the two described bodies of doctrine.</subfield>
   </datafield>
   <datafield ind1="8" ind2=" " tag="024">
      <subfield code="a">De Miranda Vázquez, Carlos. Prueba directa vs. prueba indirecta (un conflicto inexistente). Doxa. Cuadernos de Filosofía del Derecho, 2015, 38, p. 73-100. Disponible en: &lt;https://doxa.ua.es/article/view/2015-n38-prueba-directa-vs-prueba-indirecta-un-conflicto-inexistente>. Fecha de acceso: 12 jun. 2020. DOI: 10.14198/DOXA2015.38.03</subfield>
   </datafield>
   <datafield ind1="8" ind2=" " tag="024">
      <subfield code="a">0214-8676</subfield>
   </datafield>
   <datafield ind1="8" ind2=" " tag="024">
      <subfield code="a">http://hdl.handle.net/20.500.12328/1578</subfield>
   </datafield>
   <datafield ind1="8" ind2=" " tag="024">
      <subfield code="a">https://dx.doi.org/10.14198/DOXA2015.38.03</subfield>
   </datafield>
   <datafield tag="653" ind2=" " ind1=" ">
      <subfield code="a">Prova (Dret)</subfield>
   </datafield>
   <datafield tag="653" ind2=" " ind1=" ">
      <subfield code="a">Argumentació jurídica</subfield>
   </datafield>
   <datafield tag="653" ind2=" " ind1=" ">
      <subfield code="a">Presumpció d'innocència</subfield>
   </datafield>
   <datafield tag="653" ind2=" " ind1=" ">
      <subfield code="a">Justícia</subfield>
   </datafield>
   <datafield tag="653" ind2=" " ind1=" ">
      <subfield code="a">Pruebas (Derecho)</subfield>
   </datafield>
   <datafield tag="653" ind2=" " ind1=" ">
      <subfield code="a">Argumentación jurídica</subfield>
   </datafield>
   <datafield tag="653" ind2=" " ind1=" ">
      <subfield code="a">Presunción de inocencia</subfield>
   </datafield>
   <datafield tag="653" ind2=" " ind1=" ">
      <subfield code="a">Justicia</subfield>
   </datafield>
   <datafield tag="653" ind2=" " ind1=" ">
      <subfield code="a">Evidence</subfield>
   </datafield>
   <datafield tag="653" ind2=" " ind1=" ">
      <subfield code="a">Legal arguments</subfield>
   </datafield>
   <datafield tag="653" ind2=" " ind1=" ">
      <subfield code="a">Presumption of innocence</subfield>
   </datafield>
   <datafield tag="653" ind2=" " ind1=" ">
      <subfield code="a">Justice</subfield>
   </datafield>
   <datafield ind2="0" ind1="0" tag="245">
      <subfield code="a">Prueba directa vs. prueba indirecta (un conflicto inexistente)</subfield>
   </datafield>
</record></metadata></record></GetRecord></OAI-PMH>